| 000 | 00620nam a22002297a 4500 | ||
|---|---|---|---|
| 003 | OSt | ||
| 005 | 20220107122730.0 | ||
| 008 | 140217b xxu||||| |||| 00| 0 eng d | ||
| 020 | _a9788126512621 | ||
| 040 | _cIIITM-K | ||
| 082 | _a333.7 WEL/E | ||
| 100 |
_aWelch, Patrick J _92983 |
||
| 245 |
_aEconomics: _bTheory and practice _cby Patrick J Welch; Gerry F Welch |
||
| 250 | _a7th ed. | ||
| 260 |
_aNew Delhi, _bWiley, _c2004. |
||
| 300 | _axiv, 544p. | ||
| 650 |
_aECONOMICS _92984 |
||
| 650 |
_aDECISION MAKING _92985 |
||
| 650 |
_aDEMAND AND SUPPLY _92986 |
||
| 700 |
_aWelch, Gerry F _92987 |
||
| 942 |
_2ddc _cBK |
||
| 999 |
_c3545 _d3545 |
||